Nácvik volných sestav (kulturistika)

Bibliographic Details
Main Author: Mazuchová, Libuše (Author)
Format: Article
Language:Slovak
Czech
Subjects:

MARC

LEADER 00000nab a2200000 ar4500
001 vtls009003230
003 SK-MaSNL
005 20260303065539.0
008 070630c1976 xo zr|p|||||||000 b|slo
015 |a SNBRB2007/01  |2 snkbucl 
038 |a SNKBUCL 
040 |a SNKBUCL  |b slo  |c SNKBUCL  |e AACR2 
041 0 |a cze 
044 |a xo  |c SK 
080 |a 796.894  |2 2001 
100 1 |a Mazuchová, Libuše  |4 aut  |9 1065751 
245 1 0 |a Nácvik volných sestav  |b (kulturistika)  |c Libuše Mazuchová 
650 0 7 |a kulturistika  |2 snkbucl  |9 3254 
773 0 |t Tréner  |g Roč. 20, č. 2 (1976), s. 85-87 
852 |a SNK  |b KIS3GCP 
999 |c 1751637  |d 1753567